Countries with the Largest Coastline to Area Ratio - Statistics

General Stats
  • This quiz has been taken 17 times
  • The average score is 12 of 15
Answer Stats
Coast/Area Ratio Answer % Correct
2,420 Kiribati
94%
11,600 Marshall Islands
94%
6,720 Maldives
88%
627 Malta
88%
1,640 Seychelles
88%
353 Solomon Islands
88%
679 St Vincent and the Grenadines
88%
1,270 Tonga
88%
1,840 Federated States of Micronesia
82%
279 Fiji
82%
653 Antigua and Barbuda
76%
1,120 Bahamas
71%
733 Grenada
71%
378 Singapore
65%
336 Bahrain
59%
No matching quizzes found
Score Distribution
Percent of People with Each Score
Percentile by Number Answered
Your Score History
You have not taken this quiz